LDR 01115naa#a2200193#i#450# 001 RU\\bibl\121195 005 20260513003937.3 011 ## _a2409-1073 100 ## _a20141121b2014####ek#y0rusy0150####ca 101 0# _aRUS 102 ## _aRU 200 1# _aКомпетентность управленческих кадров в коммерциализации высокотехнологичной продукции (реальность и возможности) _eЖурнальная статья 210 1# _aМосква _cФедеральное государственное автономное образовательное учреждение высшего образования Национальный исследовательский университет "Московский институт электронной техники" _d2014 215 ## _a7 с. 608 ## _aЖурнальная статья _2local 675 ## _a. 005.3:339.13 _zRUS 700 #1 _aАкульчева _gМаргарита Викторовна 700 #1 _aСедова _gОльга Валерьевна 856 4# _aesgi-journal.ru _u